Connor Carlisle
James Madison B
Categories
History - World History | 0 | 2 | 0 | 2 | 20 | 125 | 131.50 | 0 | 2 |
Fine Arts - Auditory Fine Arts | 0 | 1 | 0 | 1 | 10 | 134 | 134.00 | 0 | 1 |
Fine Arts - Visual Fine Arts | 0 | 1 | 0 | 0 | 10 | 144 | 144.00 | 0 | 1 |
Science - Chemistry | 0 | 1 | 0 | 1 | 10 | 128 | 128.00 | 0 | 1 |
Current Events | 0 | 1 | 0 | 0 | 10 | 136 | 136.00 | 0 | 1 |
Literature - American Literature | 0 | 1 | 0 | 1 | 10 | 144 | 144.00 | 0 | 0 |
Other Arts: Auditory | 0 | 1 | 0 | 0 | 10 | 138 | 138.00 | 0 | 1 |
Other Arts: Visual | 0 | 1 | 0 | 0 | 10 | 105 | 105.00 | 1 | 1 |
Philosophy | 0 | 1 | 0 | 0 | 10 | 115 | 115.00 | 0 | 0 |
Geography | 0 | 0 | 0 | 0 | 0 | 0.00 | 0 | 0 |